Local Governments in EU Countries: Competences and Financing of Public Services

Úloha miestneho verejného sektora a porovnanie kompetencií nižších národných vlád (miestnych, stredných, regionálnych) v krajinách EÚ a finančný rozmer miestnych a regionálnych samospráv. Posudzované oblasti zahŕňajú možnosti výdavkov samospráv v 28 krajinách EÚ s osobitným zameraním na celkové výda...

Full description

Saved in:
Bibliographic Details
Main Author: Halásková, Renáta
Other Authors: Halásková, Martina
Format: Book Chapter
Language:English
Subjects:
Tags: Add Tag
No Tags, Be the first to tag this record!

MARC

LEADER 00000nla a2200000 4500
001 0242974
005 20240417075138.4
041 0 |a eng 
044 |a CZ 
245 1 0 |a Local Governments in EU Countries: Competences and Financing of Public Services  |c Renáta Halásková, Martina Halásková 
520 |a Úloha miestneho verejného sektora a porovnanie kompetencií nižších národných vlád (miestnych, stredných, regionálnych) v krajinách EÚ a finančný rozmer miestnych a regionálnych samospráv. Posudzované oblasti zahŕňajú možnosti výdavkov samospráv v 28 krajinách EÚ s osobitným zameraním na celkové výdavky, fiškálnu decentralizáciu výdavkov a samosprávu výdavkov podľa zvolených funkcií. 
610 2 0 |a samospráva 
610 2 0 |a vláda 
610 2 0 |a samospráva miestna 
610 2 0 |a samospráva regionálna 
610 2 0 |a sektor verejný 
610 2 0 |a služby verejné 
610 2 0 |a financovanie 
610 2 0 |a náklady 
610 2 0 |a decentralizácia 
610 2 0 |a decentralizácia fiškálna 
610 2 0 |a klaster 
610 2 0 |a Európska únia 
100 1 |a Halásková, Renáta 
700 1 |a Halásková, Martina